LEADER 01373nam a2200289 a 4500 001 000000170697 003 CaOOAMICUS 005 20181123133303.0 008 181123s1926 fr af u000 u fre r 032 $aLibriCat 040 $aPUL$bita 100 1 $aPierredon, Michel de.$0(OLS)http://pul/name/109790 245 10$aHistoire politique de l'Ordre souverain des hospitaliers de Saint-Jean de Jerusalem dit de Malte depuis la chute de Malte jusq'a nos jours /$cpar Michel de Pierredon. 260 $aParis :$b[s.n.],$c1926. 300 $aIX, 329 p., [50] c. di tav. :$bill. ;$c23 cm. 610 24$aCavalieri di Malta.$0(OLS)http://pul/subject/39371 850 $aPUL 852 $aPUL$W1$xDP1 Fondo Maccarrone$y58$m1527 F 62$j193723$qFondi$B199143$CPULBib$Z2$F199143 $81 941 1 $a1 960 $aSovrano militare ordine di Malta$939371 960 $aSovrano militare Ordine ospedaliero di San Giovanni di Gerusalemme di Rodi e di Malta $939371 960 $aOrdine dei Cavalieri di S. Giovani di Gerusalemme$939371 960 $aO.S.J.$939371 960 $aOrdine di Malta$939371 996 $6245$aHistoire politique de l'Ordre souverain des hospitaliers de Saint-Jean de Jerusalem dit de Malte depuis la chute de Malte jusq'a nos jours$9(OLS)http://pul/title/211520 996 $6260$aParis :$b[s.n.]$9(OLS)http://pul/publisher/47948 LEADER 00969nam a2200265 a 4500 001 000000167901 003 CaOOAMICUS 005 20180524165519.0 008 180524s1994 it 000 u ita r 020 $a88-452-2402-3* 032 $aLibriCat 040 $aPUL$bita 100 1 $aToaff, Elio.$0(OLS)http://pul/name/108115 245 10$aEssere ebreo / $cElio Toaff, con Alain Elkann . 260 $aMilano :$bBompiani,$cİ1994. 300 $a177 p. ; $c23 cm. 650 4$aEbrei.$0(OLS)http://pul/subject/5307 700 1 $aElkann, Alain.$0(OLS)http://pul/name/108114 850 $aPUL 852 $aPUL$W1$xDP1 Fondo Dalla Palma$y117$m3 G 14$j166710$qFondi$B195675$CPULBib$Z2$F195675 $HDal2441 $81 941 1 $a1 996 $6020$a88-452-2402-3*$9(OLS)http://pul/number/164177 996 $6245$aEssere ebreo / $9(OLS)http://pul/title/208038 996 $6260$aMilano :$bBompiani$9(OLS)http://pul/publisher/48240